Click all the footballers on this list - Statistics

General Stats
  • This quiz has been taken 89 times
  • The average score is 3 of 9
Answers on the Grid
Answers color-coded by a green-red scale on the quiz's grid according to % correct below.
Darwin Nunez
Adalberto Carrasquilla
James May
Alfie Brown
Matthew Antov
Raul Ascensio
Henrikh Isaksson
Alireza Jahanbakhsh
Ivica Strok
Bugga Dane
Jackson Irvine
Mitch Duke
Cameron Grant
Alexandre Oukidja
Riyadh Slimani
Vítězslav Jaroš
Tyler Morton
Diego Jot
 
Answer Stats
Answer % Correct
Darwin Nunez
95%
Raul Ascensio
68%
Tyler Morton
27%
Alireza Jahanbakhsh
22%
Jackson Irvine
22%
Vítězslav Jaroš
22%
Alexandre Oukidja
17%
Mitch Duke
17%
Adalberto Carrasquilla
15%
No matching quizzes found
Score Distribution
Percent of People with Each Score
Percentile by Number Answered
Your Score History
You have not taken this quiz